| 000 | 01115naa a2200277 c 4500 | ||
|---|---|---|---|
| 001 | 26109 | ||
| 003 | ES-MaCES | ||
| 005 | 19981124115100.0 | ||
| 008 | 931223n1987 sp ||| | spa d | ||
| 035 | _aCES19980000426v | ||
| 040 |
_aES-MaCES _bspa _cES-MaCES |
||
| 100 | 1 |
_aCamps Ruiz, Luis Miguel _98856 |
|
| 245 | 1 | 4 |
_aLos convenios colectivos extraestatutarios, eficacia, articulación con los convenios estatutarios e incidencia sobre el deber de negociación _b: (a propósito de la STCT de 6 de noviembre de 1986) _cLuis Miguel Camps Ruiz, Tomás Sala Franco |
| 650 | 4 |
_acomentario _928971 |
|
| 650 | 4 |
_asentencia judicial _929888 |
|
| 650 | 4 |
_aEspaña _926964 |
|
| 650 | 4 |
_anegociación colectiva _928362 |
|
| 650 | 4 |
_aconvenio colectivo _928361 |
|
| 650 | 4 |
_aextensión del convenio colectivo _930041 |
|
| 653 | 1 | 0 | _aRelaciones laborales-Empleo |
| 700 | 1 |
_aSala Franco, Tomás _923048 |
|
| 773 | 0 |
_tDocumentación laboral _gMadrid. - N. 21 (en.-abr. 1987) ; p. 127-146 _w(ES-MaCES)25160 |
|
| 902 | _aART Artículo de revista | ||
| 942 |
_2CES _cAR _h2.0. |
||
| 999 |
_c26109 _d26109 |
||